000 00567nmm a2200169Ia 4500
008 251105s9999||||xx |||||||||||||||||und||
020 _a9780231144667
041 _aeng
100 _aThis, Hervé
245 0 _aBuilding a Meal :
_b From Molecular Gastronomy to Culinary Constructivism
264 _a[Washington, Estados Unidos] :
_bColumbia University Press,
_c[Fecha de publicación no identificada]
300 _a0 páginas
700 _aThis, Hervé
700 1 _a DeBevoise, Malcolm
856 _uhttps://public.digitaliapublishing.com/a/75070
942 _cCF
999 _c71921
_d71921